000 00817nam a2200253Ia 4500
005 20250425162217.0
008 250425s9999 xx 000 0 und d
020 _a9978966668
041 _aspa
082 _a382.9
245 0 _aNOTAS EXPLICATIVAS DEL SISTEMA ARMONIZADO: TERCERA RECOMENDACION DE ENMIENDA DEL SISTEMA ARMONIZADO DE DESIGNACION Y CODIFICACION DE MERCANCIAS
250 _a1A ED.
260 _aEcuador
_bPUDELECO
_c2005
260 _aS.L.
300 _a1825
500 _aNOTAS EXPLICATIVAS: TOMO 3 ; SECCIONES XII - XVI ; CAPÍTULOS 64 - 84 PAGINACIÓN CONTINUADA CON EL ANTERIOR TOMO
650 _aADUANAS-ECUADOR
650 _aARANCELES-ECUADOR
650 _aCODIFICACION DE MERCANCIAS
650 _aCOMERCIO
650 _aCOMERCIO INTERNACIONAL
942 _c01
010 _a56929
999 _c224598
_d224598